000 00295nam a22001337a 4500
008 180919b xxu||||| |||| 00| 0 eng d
020 _a9780826110619
041 _aeng
080 _23rd
_a610.73
100 _a1
101 _aINF
245 _aNursing Education
_cOermann,M.H
942 _2udc
_cBK
999 _c48047
_d48047